The Euro and the battle of ideas : (Record no. 172280)

MARC details
000 -LEADER
fixed length control field 01098nam a22002777a 4500
003 - CONTROL NUMBER IDENTIFIER
control field OSt
005 - DATE AND TIME OF LATEST TRANSACTION
control field 20250801101929.0
008 - FIXED-LENGTH DATA ELEMENTS--GENERAL INFORMATION
fixed length control field 250717b |||||||| |||| 00| 0 eng d
020 ## - INTERNATIONAL STANDARD BOOK NUMBER
International Standard Book Number 9780691178417 (Paperback)
040 ## - CATALOGING SOURCE
Original cataloging agency NUST
Language of cataloging eng
Transcribing agency NUST
Modifying agency NUST
Description conventions rda
050 ## - LIBRARY OF CONGRESS CALL NUMBER
Classification number HC240 BRU
100 ## - MAIN ENTRY--PERSONAL NAME
Personal name Brunnermeier, Markus K.
Relator term Author
245 ## - TITLE STATEMENT
Title The Euro and the battle of ideas :
Remainder of title with a new preface by the authors /
Statement of responsibility, etc. Markus K. Brunnermeier, Harold James and Jean-Pierre Landau.
260 ## - PUBLICATION, DISTRIBUTION, ETC.
Place of publication, distribution, etc. Oxford :
Name of publisher, distributor, etc. Princeton University Press,
Date of publication, distribution, etc. ©2018.
300 ## - PHYSICAL DESCRIPTION
Extent xi, 442 pages :
Other physical details Illustrations ;
Dimensions 24 cm.
336 ## - CONTENT TYPE
Source rdamedia
Content type term text
Content type code txt
337 ## - MEDIA TYPE
Source rdamedia
Media type term unmediated
Media type code n
338 ## - CARRIER TYPE
Source rdamedia
Carrier type term volume
Carrier type code nc
504 ## - BIBLIOGRAPHY, ETC. NOTE
Bibliography, etc. note Includes bibliographical references and index,.
650 ## - SUBJECT ADDED ENTRY--TOPICAL TERM
Form subdivision Social sciences Economic history and conditions .
650 ## - SUBJECT ADDED ENTRY--TOPICAL TERM
Form subdivision BUSINESS & ECONOMICS Money & Monetary Policy.
650 ## - SUBJECT ADDED ENTRY--TOPICAL TERM
Form subdivision BUSINESS & ECONOMICS Public Finance.
700 ## - ADDED ENTRY--PERSONAL NAME
Personal name James, Harold
Relator term Author
700 ## - ADDED ENTRY--PERSONAL NAME
Personal name landau, Jean-Pierre
Relator term Author
942 ## - ADDED ENTRY ELEMENTS (KOHA)
Source of classification or shelving scheme Library of Congress Classification
Koha item type Ordinary Loan Books
Classification part HC240 BRU
Call number prefix HC
Call number suffix BRU
Suppress in OPAC No
Holdings
Withdrawn status Lost status Source of classification or shelving scheme Damaged status Not for loan Collection Home library Current library Shelving location Date acquired Source of acquisition Cost, normal purchase price Total Checkouts Full call number Barcode Date last seen Accession number Cost, replacement price Price effective from Koha item type Public note
    LCC     NFIC MAIN MAIN GEN 07/17/2025 Book Aid International 15.00   HC240 BRU 92004054686 07/17/2025 61456 15.00 07/17/2025 BOOKS Donation